Ekonomické experimenty a ich využitie pri skúmaní poistného trhu diplomová práca

Na minha lista:
Detalhes bibliográficos
Autor principal: Rusnáková, Silvia
Autor Corporativo: Národohospodárska fakulta EU. Katedra poisťovníctva
Outros Autores: Ondruška, Tomáš, 1988-
Formato: Livro
Idioma:eslovaco
Publicado em: Bratislava 2016
Tags: Adicionar Tag
Sem tags, seja o primeiro a adicionar uma tag!

MARC

LEADER 00000nbm a2200000 4500
001 0217862
005 20161108115228.6
041 0 |a slo 
044 |a SK 
245 1 0 |a Ekonomické experimenty a ich využitie pri skúmaní poistného trhu  |b diplomová práca  |c Silvia Rusnáková ; školiteľ: Tomáš Ondruška 
264 1 |a Bratislava  |c 2016 
300 |a 54 s. 
100 1 |a Rusnáková, Silvia 
700 1 |a Ondruška, Tomáš, 1988- 
710 2 |a Národohospodárska fakulta EU. Katedra poisťovníctva